000
00256nam a22001097a 4500
082
_a
621.38103 ENC'S
100
_a
SUSSKIND, C
_9
60493
245
_a
THE ENCYCLOPEDIA OF ELECTRONICS
260
_a
NEWYORK
_b
REINHOLD
_c
1962
300
_a
XXI,974P
942
_c
BK
999
_c
570198
_d
570198